000 00408nam a2200133Ia 4500
003 GCL
008 140319s9999 xx 000 0 ara d
040 _aGCL /
_cGCL
082 0 4 _a320.9538
_bخ ص
100 1 _aخلدون النقيب
245 1 0 _aصراع القبلية والديمقراطية /
_cخلدون النقيب
300 _a338 ص
490 _aالهيئة العامة للاستعلامات
_v0
999 _c49308
_d49308